Quel univers de fiction cette carte représente-t-elle? - Statistiques

Statistiques générales
  • Ce quiz a été pris 102 fois
  • Le résultat moyen est 8 sur 27
Statistiques - réponses
Par images Réponse % Correct
Pokémon
82%
Le Seigneur des Anneaux
73%
Naruto
67%
Zelda
61%
GTA
57%
One Piece
54%
Game of Thrones
53%
Mario
47%
Les Schtroumpfs
44%
Avatar:Le dernier maître de l'air
34%
Undertale
34%
Jurassic Park
29%
World of Warcraft
24%
Final Fantasy
22%
The Elder Scrolls
22%
The Witcher
22%
Peter Pan
16%
Fairy Tail
14%
Dragon Quest
12%
Full Metal Alchemist
10%
Hunter X Hunter
7%
Dragon Ball
6%
Le Magicien d'Oz
4%
Bleach
3%
Donjons & Dragons
3%
Fantasia
1%
Dinotopia
0%
Aucun quiz correspondant
Distribution des résultats
% des personnes avec chaque résultat
Percentile par nombre de réponses
Votre historique - résultats
Vous n’avez pas pris ce quiz